Contribution of game theory to strategic management
Príspevok približuje teóriu hier a jej prínosy vo vzťahu k riešeniu konfliktných situácií. Zároveň poukazuje na mnohé obmedzenia, s ktorými teória hier pracuje, v dôsledku čoho je jej široké uplatnenie v súčasnom strategickom riadení značne sťažené.
Enregistré dans:
| Auteur principal: | |
|---|---|
| Format: | Chapitre de livre |
| Langue: | anglais |
| Sujets: | |
| Tags: |
Pas de tags, Soyez le premier à ajouter un tag!
|
MARC
| LEADER | 00000naa$a2200000$$$4500 | ||
|---|---|---|---|
| 001 | 0023330 | ||
| 005 | 20240502071417.1 | ||
| 041 | 0 | |a eng | |
| 044 | |a SK | ||
| 245 | 1 | 0 | |a Contribution of game theory to strategic management |c Aneta Hintošová |
| 520 | |a Príspevok približuje teóriu hier a jej prínosy vo vzťahu k riešeniu konfliktných situácií. Zároveň poukazuje na mnohé obmedzenia, s ktorými teória hier pracuje, v dôsledku čoho je jej široké uplatnenie v súčasnom strategickom riadení značne sťažené. | ||
| 610 | 2 | 0 | |a teória hier |
| 610 | 2 | 0 | |a riadenie strategické |
| 610 | 2 | 0 | |a konflikty |
| 100 | 1 | |a Hintošová, Aneta, 1979- | |